[Event "Sautron op (Women)"]
[Site "Sautron"]
[Date "2013.05.10"]
[Round "4"]
[White "Bernard, Justine"]
[Black "Robin, Christine"]
[Result "0-1"]
[WhiteElo "1300"]
[BlackElo "1230"]
[PlyCount "78"]
[EventDate "2013.05.08"]
[EventType "swiss"]
[EventRounds "6"]
[EventCountry "FRA"]
[SourceTitle "EXT 2014"]
[Source "ChessBase"]
[SourceDate "2013.11.20"]
[SourceVersion "1"]
[SourceVersionDate "2013.11.20"]
[SourceQuality "1"]

1. e4 c5 2. Nf3 Nc6 3. Bc4 e6 4. Nc3 Nf6 5. d4 cxd4 6. Nxd4 Bb4 7. 0-0 Bxc3 8. bxc3 Nxe4 9. Qg4 Nf6 10. Qxg7 Rg8 11. Qh6 Ne5 12. Bd3 Nxd3 13. cxd3 Rg6 14. Qe3 Ke7 15. Nf5+ Kf8 16. Ba3+ d6 17. Nxd6 Kg7 18. Rab1 b6 19. Rb5 Bd7 20. Rg5 Nd5 21. Rxg6+ hxg6 22. Qd4+ f6 23. c4 Ne7 24. Re1 Nc6 25. Qh4 e5 26. Bc1 g5 27. Qe4 Nd4 28. Qd5 Be6 29. Qb7+ Kg6 30. Ne4 Rb8 31. Qxa7 Bg4 32. f3 Nxf3+ 33. gxf3 Bxf3 34. Re3 g4 35. Kf2 Ra8 36. Qb7 Rxa2+ 37. Kg3 Rg2+ 38. Kh4 Qh8+ 39. Qh7+ Qxh7# 0-1

[Event "Cholet-E"]
[Site "Cholet"]
[Date "2012.02.20"]
[Round "3"]
[White "Moes, Jamy"]
[Black "Robin, Christine"]
[Result "1-0"]
[WhiteElo "1374"]
[BlackElo "1260"]
[PlyCount "105"]
[EventDate "2012.02.18"]
[EventType "swiss"]
[EventRounds "9"]
[EventCountry "FRA"]
[SourceTitle "EXT 2013"]
[Source "ChessBase"]
[SourceDate "2012.11.22"]
[SourceVersion "1"]
[SourceVersionDate "2012.11.22"]
[SourceQuality "1"]

1. d4 b6 2. c4 Bb7 3. Nc3 Nf6 4. e3 d6 5. Nf3 e6 6. Bd3 Nbd7 7. b3 g6 8. 0-0 Bg7 9. Re1 0-0 10. Bb2 Re8 11. e4 a6 12. Rb1 c5 13. d5 Ne5 14. Nxe5 dxe5 15. Be2 Nh5 16. Bxh5 gxh5 17. Qxh5 Qf6 18. Re3 Qh6 19. Qxh6 Bxh6 20. Rg3+ Kf8 21. Na4 exd5 22. Nxb6 Rad8 23. Nxd5 Bxd5 24. exd5 Bf4 25. Rg4 h6 26. g3 Bg5 27. Re4 Bf6 28. Rbe1 Bg7 29. f4 f5 30. R4e3 e4 31. Bxg7+ Kxg7 32. g4 Kf6 33. h4 fxg4 34. Rxe4 Rxe4 35. Rxe4 Kf5 36. Re6 Kxf4 37. Kg2 h5 38. Rxa6 Ke4 39. Re6+ Kd4 40. Re1 Rf8 41. Rd1+ Ke3 42. Rf1 Rxf1 43. Kxf1 Kf3 44. d6 g3 45. d7 Kg4 46. d8Q Kh3 47. Kg1 Kg4 48. Qg5+ Kh3 49. a3 g2 50. Qxg2+ Kxh4 51. Qe4+ Kh3 52. Kf2 h4 53. Qg2# 1-0

[Event "Cholet-E"]
[Site "Cholet"]
[Date "2012.02.20"]
[Round "4"]
[White "Poirel, Marie France"]
[Black "Robin, Christine"]
[Result "0-1"]
[WhiteElo "1220"]
[BlackElo "1260"]
[PlyCount "135"]
[EventDate "2012.02.18"]
[EventType "swiss"]
[EventRounds "9"]
[EventCountry "FRA"]
[SourceTitle "EXT 2013"]
[Source "ChessBase"]
[SourceDate "2012.11.22"]
[SourceVersion "1"]
[SourceVersionDate "2012.11.22"]
[SourceQuality "1"]

1. d4 d5 2. c4 c6 3. e3 Nf6 4. Nc3 Bg4 5. Nf3 Nbd7 6. Be2 e6 7. 0-0 Be7 8. b3 0-0 9. Bb2 Ne8 10. Qc2 f5 11. cxd5 exd5 12. h3 h5 13. Nh2 Bxe2 14. Nxe2 Nd6 15. Nf4 Rf6 16. Nxh5 Rh6 17. Ng3 Rf6 18. f4 Nf8 19. Qe2 Qe8 20. Nf3 Rg6 21. Nh1 Ne4 22. Qe1 Nd7 23. Kh2 Rh6 24. Ng3 Qf7 25. Nxe4 dxe4 26. Qe2 Qh5 27. Ng1 Qg6 28. Qf2 Bh4 29. g3 Bxg3+ 30. Qxg3 Qxg3+ 31. Kxg3 Nf6 32. Rf2 Nh5+ 33. Kh2 Kf7 34. Ne2 Rg6 35. Rg1 Rd6 36. Rg5 g6 37. Bc3 c5 38. Ng3 Nxg3 39. Rxg3 cxd4 40. Bxd4 Rc6 41. Rgg2 b6 42. a4 Rac8 43. Kg3 Rc1 44. Kh4 Rb1 45. Rb2 Rf1 46. Rbc2 Rc1 47. Rxc8 Rxc8 48. Rb2 Ke6 49. Kg5 Rc1 50. h4 Rg1+ 51. Kh6 Rg4 52. Kh7 Rxh4+ 53. Kg7 Rg4 54. Rc2 Kd5 55. Rc7 g5 56. Rxa7 gxf4+ 57. Kf6 f3 58. Kxf5 Rg1 59. Rd7+ Kc6 60. Re7 f2 61. Re6+ Kb7 62. Rxb6+ Kc7 63. Kxe4 f1Q 64. a5 Qg2+ 65. Kd3 Rd1+ 66. Kc4 Rc1+ 67. Kb4 Qd2+ 68. Ka3 0-1